02524nkc a2200373za 450000100060000000300040000600500170001000700070002700800410003404000240007510000410009924500460014026000240018630001000021050001560031050001920046650000650065850001340072350001690085750400520102650500430107851001510112151002100127256101300148261000750161265100260168765500400171370000600175385200120181385601500182594200250197595201330200099900170213384447OSt20260318104113.0kh boc250410s19101911sp ||||| |||| 00| i|spa d aM-RABAbspacM-RABA1 aElorza, Lorenzod(1861-1931)911106810aEstíbalizb: Altar del cruceroc/ L. E. c[ca. 1910 – 1911] a1 fotografíab: gelatina de platac; imagen 12 x 16,5 cmc; soporte secundario 21,5 x 26,5 cm aVista del altar situado en el brazo izquierdo del crucero de la basílica de Nuestra Señora de Estíbaliz que se cubre con una bóveda de ojivas.  aFotografía montada sobre soporte secundario de cartulina azul enmarcada con orla en relieve. Título y numeración manuscrita que hace referencia a la posición en la serie “68”. aSello con monograma del fotógrafo en tinta roja “L.E.” aFechas tomadas de la ejecución del positivo de las fotografías, incluido el soporte secundario. (Soto Madrazo, Javier. 2008). aForma parte de un conjunto de 167 fotografías empleadas por Federico Baráibar Zumárraga para la elaboración del Inventario del Románico en Álava (1911). aBaraibar, F.: "Rincones artísticos", M. 1914. aEstivariz.- Altar del crucero. / L. E. aDescripción tomada de: Soto Madrazo, Javier (2008). Federico Baraibar y el Inventario del Románico en Álava: una caja con 167 fotografías. aEsta colección fue utilizada posteriormente por Cristóbal de Castro para la elaboración y publicación del "Catálogo Monumental de España: provincia de Álava", Madrid, S. de Rivadeneira, 1915. aDonadas junto con la memoria manuscrita a la Academia por el mismo Baraibar (Sesión 12 de febrero de 1912, Archivo: 4-32-1)27aSantuario de Santa María de Estíbaliz (cÁlava, España)927018 7aÁlava2embne975661 0aFotografías de monumentos91115801 aBaráibar y Zumárraga, Federico d(1851-1918)912926 jFot-177 3Fot-177uhttps://archivoybiblioteca.realacademiabellasartessanfernando.com/cgi-bin/koha/opac-retrieve-file.pl?id=5c139e665ed514680eab32aacb02d2bc 2ddccFOTOGRAFÍAn0 00102ddc40708FOTOGRAFIAaRABASFbRABASFcDP2d2025-04-10l0oFot-177p1095322r2025-04-10 10:24:24w2025-04-10yFOTOGRAFÍA c84447d84447